Bevölkerungsstatistik - 30. Juni 2000 Fürstentum Lichtenstein

Saved in:
Bibliographic Details
Format: Book
Language:German
Published: Vaduz Amt für Volkswirtschaft [2000]
Tags: Add Tag
No Tags, Be the first to tag this record!

MARC

LEADER 00000nam a2200000 4500
001 c129282
005 20251217110331.2
041 0 |a ger 
044 |a LI 
245 1 0 |a Bevölkerungsstatistik - 30. Juni 2000  |b Fürstentum Lichtenstein 
264 1 |a Vaduz  |b Amt für Volkswirtschaft  |c [2000] 
300 |a 56 s.